[Event "Champ FRA - Under 12"]
[Site "Europe Echecs"]
[Date "2020.07.08"]
[Round "9"]
[White "PoghosyanNoray"]
[Black "PresentLadisla"]
[Result "0-1"]
[WhiteElo "1200"]
[BlackElo "1000"]
[PlyCount "70"]
[EventDate "2020.??.??"]

1. e4 e5 2. Nf3 Nc6 3. Bc4 d5 4. Bd3 Nf6 5. Nc3 Be6 6. h3 Qd7 7. O-O O-O-O 8.
b3 b6 9. Ba6+ Kb8 10. Bb5 a6 11. Be2 h6 12. d3 Bc5 13. Be3 g5 14. Bd2 g4 15.
hxg4 Nxg4 16. Na4 h5 17. a3 Nxf2 18. Qe1 Nxe4+ 19. Kh1 Nf6 20. b4 Bd6 21. b5
axb5 22. Nc3 Bc5 23. a4 Ng4 24. axb5 Nf2+ 25. Kh2 Na5 26. Nxe5 Qd6 27. Bf4 Rdg8
28. Nc6+ Nxc6 29. Bxd6 cxd6 30. bxc6 d4 31. Qxf2 dxc3 32. Qf6 Bd5 33. Qe7 Rxg2+
34. Kh1 Rxe2+ 35. Rf3 Bxf3# {PoghosyanNoray est échec et mat} 0-1

[Event "Champ FRA - Under 12"]
[Site "Europe Echecs"]
[Date "2020.07.08"]
[Round "9"]
[White "DebiasSaidCypr"]
[Black "GluckPhileas"]
[Result "1-0"]
[WhiteElo "1180"]
[BlackElo "999"]
[PlyCount "125"]
[EventDate "2020.??.??"]

1. e4 e5 2. Nf3 Nc6 3. Bc4 Nf6 4. Ng5 d5 5. exd5 Nxd5 6. Bxd5 Qxg5 7. Nc3 Bc5
8. d3 Qh4 9. Ne4 Qxf2+ 10. Nxf2 Bxf2+ 11. Kxf2 Bf5 12. Bg5 f6 13. Bh4 O-O-O 14.
Rf1 Rxd5 15. Kg1 Be6 16. Qf3 Rf8 17. Rfe1 Nd4 18. Qe4 Nxc2 19. Qxh7 Nxa1 20.
Rxa1 Bg8 21. Qe4 Rd4 22. Qe3 Rxh4 23. Rc1 Bxa2 24. Qc5 Rf7 25. b4 Kd8 26. Ra1
b6 27. Qc6 Bb3 28. Qa8+ Ke7 29. Qxa7 Ke6 30. Rc1 Bd5 31. Rxc7 Rxc7 32. Qxc7 Rg4
33. Qxb6+ Kf5 34. h3 Rxg2+ 35. Kf1 Rh2 36. Qc5 Bg2+ 37. Kg1 Rh1+ 38. Kxg2 Rd1
39. Qf2+ Ke6 40. b5 Kd6 41. Qb2 Rxd3 42. b6 Kc6 43. b7 Rd8 44. b8=Q Rxb8 45.
Qxb8 e4 46. Qf4 Kd5 47. Kf2 g6 48. Qxf6 g5 49. Qxg5+ Kd4 50. Qe3+ Ke5 51. Ke2
Kf5 52. Qf2+ Ke5 53. Ke3 Kd5 54. Qg2 Ke5 55. Qxe4+ Kf6 56. Qd5 Kg6 57. Qe5 Kh6
58. Qg3 Kh5 59. Kf4 Kh6 60. Kf5 Kh7 61. Kf6 Kh8 62. Kf7 Kh7 63. Qg7# {
GluckPhileas est échec et mat} 1-0

[Event "Champ FRA - Under 12"]
[Site "Europe Echecs"]
[Date "2020.07.08"]
[Round "9"]
[White "LagrangePereir"]
[Black "PoyetClemence"]
[Result "1/2-1/2"]
[WhiteElo "999"]
[BlackElo "1160"]
[PlyCount "29"]
[EventDate "2020.??.??"]

1. d4 d5 2. Bf4 e6 3. Nc3 Nf6 4. Nf3 Bd7 5. e3 Nc6 6. Nb5 Rc8 7. Bxc7 Qe7 8.
Bd6 Qd8 9. Bf4 Bb4+ 10. c3 Bf8 11. Bc7 Qe7 12. Bd6 Qd8 13. Bc7 Qe7 14. Bd6 Qd8
15. Bc7 {Nulle par répétition} 1/2-1/2

[Event "Champ FRA - Under 12"]
[Site "Europe Echecs"]
[Date "2020.07.08"]
[Round "9"]
[White "DemaimayOscar"]
[Black "BonnayTramoniB"]
[Result "0-1"]
[WhiteElo "1141"]
[BlackElo "999"]
[PlyCount "82"]
[EventDate "2020.??.??"]

1. h4 e5 2. e4 Nf6 3. Bc4 Bc5 4. h5 Nc6 5. b3 d6 6. Bb2 Bg4 7. f3 Bxh5 8. g4
Bg6 9. Nh3 h6 10. g5 hxg5 11. Nc3 Qe7 12. Qe2 O-O-O 13. O-O-O Qd7 14. Nxg5 Rxh1
15. Rxh1 b6 16. Nb5 Kb8 17. Qf2 Bxf2 18. Rd1 Ne8 19. Na3 f6 20. Nh3 Qxh3 21.
Rf1 Qxf1+ 22. Bxf1 f5 23. exf5 Bxf5 24. Nb5 a6 25. Nc3 Nf6 26. Bxa6 Rh8 27. Kd1
Rh1+ 28. Ke2 Bd4 29. Nb5 Bxb2 30. c4 Nb4 31. a3 Nxa6 32. d4 exd4 33. Nxd6 cxd6
34. c5 dxc5 35. b4 cxb4 36. axb4 Nxb4 37. f4 d3+ 38. Kd2 Rh2+ 39. Ke3 d2 40.
Kf3 d1=Q+ 41. Ke3 Qe2# {DemaimayOscar est échec et mat} 0-1

[Event "Champ FRA - Under 12"]
[Site "Europe Echecs"]
[Date "2020.07.08"]
[Round "9"]
[White "LetouxneeceTra"]
[Black "FontaineGregor"]
[Result "0-1"]
[WhiteElo "999"]
[BlackElo "1140"]
[PlyCount "26"]
[EventDate "2020.??.??"]

1. e4 e5 2. Nf3 Bc5 3. Nxe5 Qf6 4. Qf3 Qd6 5. Qxf7+ Kd8 6. Qf8+ Qxf8 7. Be2
Qxf2+ 8. Kd1 Qxg2 9. Ke1 Qxh1+ 10. Bf1 Qxh2 11. d3 Qxe5 12. Be2 Qg3+ 13. Kf1
Qf2# {LetouxneeceTra est échec et mat} 0-1

[Event "Champ FRA - Under 12"]
[Site "Europe Echecs"]
[Date "2020.07.08"]
[Round "9"]
[White "LambertArthur"]
[Black "CayauNolanMael"]
[Result "1-0"]
[WhiteElo "1380"]
[BlackElo "999"]
[PlyCount "71"]
[EventDate "2020.??.??"]

1. e4 e5 2. Nf3 Nc6 3. Nc3 Bc5 4. Bc4 Nf6 5. d3 d6 6. Bg5 h6 7. Bh4 g5 8. Bg3
O-O 9. O-O Ng4 10. h3 Qf6 11. Nd5 Qd8 12. hxg4 Bxg4 13. Bb5 a6 14. Bxc6 bxc6
15. Nc3 d5 16. Qd2 dxe4 17. dxe4 Qe8 18. Rad1 Rd8 19. Qe1 Bb4 20. Rxd8 Qxd8 21.
Qd1 Qe8 22. a3 Ba5 23. b4 Bb6 24. Qd2 a5 25. Nxe5 f6 26. Nc4 f5 27. exf5 Rxf5
28. Bxc7 Bxc7 29. bxa5 Qf8 30. Ne4 c5 31. a6 Rf4 32. Qd5+ Rf7 33. Nf6+ Kh8 34.
Nxg4 h5 35. a7 Qc8 36. a8=Q {CayauNolanMael a abandonné} 1-0